Plan de manejo de ecosistemas estratégicos para las áreas rurales del Distrito Capital. (Registro nro. 16643)

Detalles MARC
000 -CABECERA
Campo de control 005120000a22001690004500
005 - FECHA Y HORA DE LA ULTIMA TRANSACCION
Campo de control 20170207142244.0
008 - ELEMENTOS DE LONGITUD FIJA—INFORMACION GENERAL
Campo de control 170207b xxu||||| |||| 00| 0 spa d
040 ## - FUENTE DE CATALOGACIÓN
Agencia catalogadora original CO-BoIAVH
Agencia transcriptora CO-BoIAVH
041 ## - IDIOMA
Código de idioma para texto/pista de sonido o título separado Español
090 ## - CLASIFICACIÓN LOCAL
Colección MM
Consecutivo 00258
245 10 - MENCION DE TITULO
Título Plan de manejo de ecosistemas estratégicos para las áreas rurales del Distrito Capital.
Parte restante del título Propuesta estructural y funcional.
257 ## - PAIS DE LA ENTIDAD PRODUCTORA DE FILMES DE ARCHIVO
País de la entidad productora Colombia
300 ## - DESCRIPCION FISICA
Extensión CD-ROM
Otros detalles físicos 1
500 ## - NOTA GENERAL
Nota general Secciones 5 y 6
500 ## - NOTA GENERAL
Nota general convenio Dama - Corpoica
942 ## - ELEMENTOS ADICIONALES (KOHA)
Tipo de ítem CD-ROM
Sistema de clasificación Local
Existencias
Withdrawn status Lost status Sistema de Clasificación Damaged status No para préstamo Colección Ubicación Permanente Ubicación actual Fecha de adquisición Total Checkouts Número topográfico Inventario / Código de Barras Date last seen Ejemplar Price effective from Tipo de material
    Local     Audiovisual Bogotá Bogotá 07/02/2017   MM-00258 014205 25/03/2015 Ej.1 25/03/2015 CD-ROM